[Event "Etoiles montantes 3-B"]
[Site "Montreal CAN"]
[Date "2022.11.20"]
[Round "5"]
[White "Geillon, Christiane Nathalie"]
[Black "Geillon-Barral, Roween"]
[Result "0-1"]
[WhiteElo "683"]
[BlackElo "1026"]
[PlyCount "76"]
[EventDate "2022.11.19"]
[EventType "tourn"]
[EventRounds "10"]
[EventCountry "CAN"]

1. e4 e5 2. Nf3 Nc6 3. Nc3 Nf6 4. Bb5 d6 5. O-O Be7 6. d3 O-O 7. Bg5 a6 8. Bc4
Be6 9. Bxe6 fxe6 10. b3 h6 11. Be3 d5 12. a4 d4 13. Bd2 dxc3 14. Bxc3 Qd6 15.
Nh4 Nd4 16. Ng6 Rf7 17. Ba5 Bd8 18. c3 Nc6 19. c4 Nxa5 20. Qd2 Nxb3 21. Qd1
Nxa1 22. Qxa1 Kh7 23. Nh4 Nh5 24. f3 Bxh4 25. g4 Nf4 26. a5 Nxd3 27. Qa2 Qd4+
28. Kg2 Nf4+ 29. Kh1 Rd8 30. Qc2 Rfd7 31. Qc1 Ne2 32. Qc2 Nf4 33. Qa4 Qe3 34.
Qc2 Rd2 35. Qxd2 Rxd2 36. c5 Rf2 37. Rg1 Qe2 38. h3 Rh2# 0-1

[Event "Etoiles montantes 3-B"]
[Site "Montreal CAN"]
[Date "2022.11.20"]
[Round "6"]
[White "Bollinger, Aidan"]
[Black "Geillon-Barral, Roween"]
[Result "0-1"]
[WhiteElo "962"]
[BlackElo "1026"]
[PlyCount "58"]
[EventDate "2022.11.19"]
[EventType "tourn"]
[EventRounds "10"]
[EventCountry "CAN"]

1. e4 e5 2. Nf3 Nc6 3. Nc3 Nf6 4. d3 Bb4 5. a3 Ba5 6. b4 Bb6 7. Bg5 d6 8. Nd5
Nd4 9. Nxd4 Bxd4 10. Ra2 c6 11. Nxf6+ gxf6 12. Qh5 fxg5 13. Kd2 Be6 14. c3 Bxa2
15. cxd4 exd4 16. a4 Qe7 17. g3 O-O-O 18. Bh3+ Kb8 19. b5 cxb5 20. axb5 Be6 21.
Bxe6 fxe6 22. f4 Rhg8 23. Qxh7 Qxh7 24. e5 gxf4 25. gxf4 Qh6 26. h4 Qxf4+ 27.
Ke2 Rg2+ 28. Ke1 Qf2+ 29. Kd1 Qd2# 0-1

[Event "Etoiles montantes 3-B"]
[Site "Montreal CAN"]
[Date "2022.11.20"]
[Round "6"]
[White "Geillon, Christiane Nathalie"]
[Black "Wang, Lucy"]
[Result "0-1"]
[WhiteElo "683"]
[BlackElo "994"]
[PlyCount "34"]
[EventDate "2022.11.19"]
[EventType "tourn"]
[EventRounds "10"]
[EventCountry "CAN"]

1. e4 e5 2. Nf3 Nc6 3. Nc3 Nf6 4. Bb5 Bc5 5. a3 O-O 6. b4 Bd4 7. Bb2 Nxe4 8.
Rf1 Bxc3 9. Bxc3 Nxc3 10. dxc3 Qf6 11. Rg1 e4 12. Nd2 Qxc3 13. Rb1 Qe5 14. Qg4
Qxb5 15. Nxe4 d5 16. Ng5 Bxg4 17. g3 Qe2# 0-1

[Event "Etoiles montantes 3-B"]
[Site "Montreal CAN"]
[Date "2022.11.26"]
[Round "7"]
[White "Geillon-Barral, Roween"]
[Black "Wang, Rachel"]
[Result "0-1"]
[WhiteElo "1026"]
[BlackElo "1892"]
[PlyCount "98"]
[EventDate "2022.11.19"]
[EventType "tourn"]
[EventRounds "10"]
[EventCountry "CAN"]

1. e4 c5 2. Nc3 Nc6 3. g3 g6 4. Bg2 Bg7 5. Nh3 d6 6. O-O h5 7. d3 Ne5 8. f4 Ng4
9. Nf2 Bd4 10. Qe2 Nxf2 11. Rxf2 Bg4 12. Qe1 Bxf2+ 13. Qxf2 Qd7 14. b3 Nh6 15.
Bb2 f6 16. Nd5 O-O-O 17. c4 Rdf8 18. d4 b6 19. dxc5 dxc5 20. e5 Be6 21. Rd1
Bxd5 22. Rxd5 Qf5 23. Qf1 Rd8 24. Qd1 Ng4 25. Bc1 fxe5 26. Qe2 e6 27. Rd2 Rxd2
28. Bxd2 Qb1+ 29. Bf1 e4 30. h3 Nf6 31. Be3 Rd8 32. Kf2 Qd3 33. Qb2 Qd1 34. Bg2
Rf8 35. a3 g5 36. Qc3 h4 37. g4 gxf4 38. Bxf4 Nxg4+ 39. hxg4 Rxf4+ 40. Ke3 Rf3+
41. Bxf3 Qxf3+ 42. Kd2 Qxc3+ 43. Kxc3 h3 44. g5 h2 45. g6 h1=Q 46. Kd2 Qg2+ 47.
Ke1 e3 48. g7 Qf2+ 49. Kd1 Qd2# 0-1

[Event "Etoiles montantes 3-B"]
[Site "Montreal CAN"]
[Date "2022.11.26"]
[Round "7"]
[White "Wang, Lucy"]
[Black "Bollinger, Aidan"]
[Result "1-0"]
[WhiteElo "994"]
[BlackElo "962"]
[PlyCount "139"]
[EventDate "2022.11.19"]
[EventType "tourn"]
[EventRounds "10"]
[EventCountry "CAN"]

1. e4 e5 2. Nf3 Nc6 3. Nc3 Bc5 4. Bc4 Nf6 5. O-O d6 6. d3 O-O 7. Bg5 h6 8. Bxf6
Qxf6 9. Nd5 Qd8 10. h3 Be6 11. a3 Bxd5 12. Bxd5 Qd7 13. b4 Bd4 14. Nxd4 exd4
15. Rb1 Rae8 16. b5 Nd8 17. Bxb7 Nxb7 18. Qc1 d5 19. f3 Nc5 20. Qb2 Rd8 21.
Qxd4 Ne6 22. Qxa7 Qd6 23. Ra1 Qc5+ 24. Qxc5 Nxc5 25. a4 Ra8 26. a5 dxe4 27.
fxe4 Rfd8 28. Rfb1 Nb7 29. a6 Nc5 30. a7 Nb7 31. b6 cxb6 32. Rxb6 Nd6 33. e5
Nc8 34. Rb8 Nxa7 35. Rxd8+ Rxd8 36. Rxa7 Rc8 37. c4 Rd8 38. Ra3 Rd4 39. Rc3 f6
40. exf6 gxf6 41. c5 Rd8 42. Kf2 Rc8 43. Ke3 Kg7 44. c6 Kf7 45. Kf4 Ke7 46. Kf5
Kd6 47. Kxf6 Rxc6 48. Rxc6+ Kxc6 49. Kg6 Kd5 50. Kxh6 Kd4 51. g4 Kxd3 52. g5
Ke4 53. g6 Kf5 54. g7 Kf4 55. g8=Q Ke4 56. Kg5 Ke5 57. Qe8+ Kd6 58. Kf6 Kd5 59.
h4 Kd6 60. h5 Kd5 61. h6 Kd6 62. h7 Kd5 63. h8=R Kd6 64. Qe7+ Kc6 65. Rd8 Kb6
66. Qe1 Kc7 67. Rd2 Kc6 68. Qc1+ Kb5 69. Rb2+ Ka4 70. Qa1# 1-0

[Event "Etoiles montantes 3-B"]
[Site "Montreal CAN"]
[Date "2022.11.26"]
[Round "8"]
[White "Wang, Rachel"]
[Black "Wang, Lucy"]
[Result "1-0"]
[WhiteElo "1892"]
[BlackElo "994"]
[PlyCount "57"]
[EventDate "2022.11.19"]
[EventType "tourn"]
[EventRounds "10"]
[EventCountry "CAN"]

1. d4 d5 2. c4 Nf6 3. Nf3 Nc6 4. cxd5 Qxd5 5. Nc3 Qd8 6. e4 Bg4 7. Bb5 Bxf3 8.
Bxc6+ bxc6 9. Qxf3 g6 10. Be3 Bg7 11. Rc1 Rb8 12. Na4 Qd6 13. e5 Qb4+ 14. Bd2
Qxd4 15. exf6 Qxf6 16. Bc3 Qe6+ 17. Qe2 Bxc3+ 18. bxc3 Qd5 19. O-O e6 20. Rfd1
Qa5 21. Qe4 Qa6 22. Nc5 Qc8 23. Qxc6+ Ke7 24. Rd7+ Kf6 25. Ne4+ Kg7 26. Ng5 Rf8
27. Nxe6+ Kg8 28. Nxf8 Kxf8 29. Rxc7 1-0

[Event "Etoiles montantes 3-B"]
[Site "Montreal CAN"]
[Date "2022.11.26"]
[Round "9"]
[White "Geillon, Christiane Nathalie"]
[Black "Wang, Rachel"]
[Result "0-1"]
[WhiteElo "683"]
[BlackElo "1892"]
[PlyCount "24"]
[EventDate "2022.11.19"]
[EventType "tourn"]
[EventRounds "10"]
[EventCountry "CAN"]

1. c4 c5 2. Qa4 Nc6 3. Nc3 d6 4. g3 Bd7 5. d3 Nd4 6. Qd1 Bc6 7. f3 g6 8. a3 Bg7
9. e4 e6 10. g4 Qh4+ 11. Kd2 Bh6+ 12. f4 Bxf4# 0-1

[Event "Etoiles montantes 3-B"]
[Site "Montreal CAN"]
[Date "2022.11.26"]
[Round "9"]
[White "Wang, Lucy"]
[Black "Geillon-Barral, Roween"]
[Result "0-1"]
[WhiteElo "994"]
[BlackElo "1026"]
[PlyCount "62"]
[EventDate "2022.11.19"]
[EventType "tourn"]
[EventRounds "10"]
[EventCountry "CAN"]

1. e4 e5 2. Nc3 Nf6 3. Nf3 Nc6 4. d4 exd4 5. Nxd4 Bc5 6. Nxc6 bxc6 7. e5 Ng8 8.
b3 d6 9. Qf3 d5 10. Bb2 Ne7 11. Bd3 Be6 12. O-O O-O 13. Rfe1 Qd7 14. Bc1 Bb4
15. Be2 d4 16. Rd1 Bxc3 17. Qxc3 dxc3 18. Rxd7 Bxd7 19. Ba3 Rfe8 20. Rd1 Bf5
21. Bd3 Bxd3 22. Rxd3 Nd5 23. f4 Re6 24. g3 h6 25. Kf2 Rae8 26. Bc5 a6 27. Bd4
f6 28. Kf3 fxe5 29. Bxe5 R8e7 30. a4 Rf7 31. h4 Rxe5 0-1

[Event "Etoiles montantes 3-B"]
[Site "Montreal CAN"]
[Date "2022.11.27"]
[Round "10"]
[White "Geillon-Barral, Roween"]
[Black "Geillon, Christiane Nathalie"]
[Result "1-0"]
[WhiteElo "1026"]
[BlackElo "683"]
[PlyCount "25"]
[EventDate "2022.11.19"]
[EventType "tourn"]
[EventRounds "10"]
[EventCountry "CAN"]

1. e4 e5 2. Nf3 Nf6 3. Nc3 Nc6 4. Bb5 Bb4 5. d3 O-O 6. Bd2 a5 7. O-O Nh5 8. a3
Bc5 9. Be3 b6 10. Ng5 Nf4 11. Bxf4 exf4 12. Qh5 Qe8 13. Qxh7# 1-0

[Event "Etoiles montantes 3-B"]
[Site "Montreal CAN"]
[Date "2022.11.27"]
[Round "10"]
[White "Wang, Rachel"]
[Black "Bollinger, Aidan"]
[Result "1-0"]
[WhiteElo "1892"]
[BlackElo "962"]
[PlyCount "83"]
[EventDate "2022.11.19"]
[EventType "tourn"]
[EventRounds "10"]
[EventCountry "CAN"]

1. d4 d5 2. c4 Bf5 3. cxd5 Qxd5 4. Nc3 Qd8 5. e4 Be6 6. Nf3 Nc6 7. d5 Bg4 8.
dxc6 bxc6 9. Qxd8+ Rxd8 10. Ne5 Nf6 11. Bc4 Bh5 12. Bf4 Rd6 13. f3 h6 14. g4
Bg6 15. Nxg6 fxg6 16. Bxd6 cxd6 17. Be6 g5 18. h4 gxh4 19. Rxh4 g5 20. Rh2 h5
21. gxh5 Nxh5 22. Bg4 Rg8 23. Bxh5+ Kd8 24. O-O-O Bg7 25. Rg2 Bxc3 26. bxc3 Kd7
27. Rdg1 Rh8 28. Rxg5 e5 29. Rg7+ Ke6 30. Bf7+ Kf6 31. R1g6+ Ke7 32. Be6+ Kf8
33. Rxa7 Rh1+ 34. Kd2 Rh2+ 35. Ke3 Rh8 36. Ra8+ Ke7 37. Rxh8 d5 38. Rh7+ Kd6
39. Bxd5+ Kc5 40. Rxc6+ Kb5 41. Rb7+ Ka4 42. Ra6# 1-0

[Event "Golden Horseshoe op"]
[Site "Mississauga CAN"]
[Date "2022.04.02"]
[Round "1.1"]
[White "Chen, Max"]
[Black "Sharma, Vishruth"]
[Result "0-1"]
[WhiteElo "2261"]
[BlackElo "2066"]
[PlyCount "76"]
[EventDate "2022.04.02"]
[EventType "swiss"]
[EventRounds "5"]
[EventCountry "CAN"]

1. e4 e5 2. Nf3 Nc6 3. Bc4 Nf6 4. d3 h6 5. O-O d6 6. a4 g5 7. Be3 Bg7 8. Nc3
Bg4 9. Bb5 O-O 10. Nd5 Nxd5 11. exd5 Ne7 12. Bc4 f5 13. Qe1 Bxf3 14. gxf3 Qe8
15. Qe2 f4 16. Bd2 Nf5 17. c3 Qh5 18. Kh1 Nh4 19. Rg1 Nxf3 20. Rg2 Qh3 21. Ba2
Rf5 22. d4 g4 23. dxe5 Bxe5 24. Rag1 Nxh2 25. Rxh2 Qxh2+ 26. Kxh2 Rh5+ 27. Kg2
f3+ 28. Qxf3 gxf3+ 29. Kxf3+ Kf7 30. Be3 Rh4 31. Bb3 a6 32. Ke2 Rg8 33. Re1 Rg2
34. Bc2 Bf4 35. Be4 Bxe3 36. Kxe3 Rh3+ 37. Ke2 Rg5 38. Kd2 h5 0-1

[Event "Golden Horseshoe op"]
[Site "Mississauga CAN"]
[Date "2022.04.02"]
[Round "1.2"]
[White "Loadman, Ian"]
[Black "Gaisinsky, Adam"]
[Result "0-1"]
[WhiteElo "2044"]
[BlackElo "2233"]
[PlyCount "78"]
[EventDate "2022.04.02"]
[EventType "swiss"]
[EventRounds "5"]
[EventCountry "CAN"]

1. e4 e5 2. Nf3 Nc6 3. Nc3 Nf6 4. Bb5 Bd6 5. d3 h6 6. O-O O-O 7. Ne2 Re8 8. c3
Bf8 9. Ng3 a6 10. Ba4 b5 11. Bc2 d5 12. Qe2 g6 13. h3 Be6 14. Rd1 d4 15. Bd2
Nd7 16. cxd4 exd4 17. Qe1 Qf6 18. Rdc1 Bxh3 19. Bd1 Bg4 20. Rxc6 Qxc6 21. Nxd4
Qd6 22. Bxg4 Qxd4 23. Bc3 Qd6 24. d4 Rad8 25. e5 Qe7 26. Bxd7 Qxd7 27. Ne4 Bg7
28. Nc5 Qc6 29. b4 a5 30. a3 axb4 31. axb4 Ra8 32. Ra5 Rxa5 33. bxa5 Bxe5 34.
dxe5 Qxc5 35. Qa1 b4 36. Bd4 Qd5 37. a6 c5 38. Be3 Qxe5 39. Qa5 b3 0-1

[Event "Golden Horseshoe op"]
[Site "Mississauga CAN"]
[Date "2022.04.02"]
[Round "1.3"]
[White "Sanchez, Victor"]
[Black "Huang, Youhe"]
[Result "1-0"]
[WhiteElo "2232"]
[BlackElo "2009"]
[PlyCount "103"]
[EventDate "2022.04.02"]
[EventType "swiss"]
[EventRounds "5"]
[EventCountry "CAN"]

1. e4 c6 2. d4 d5 3. Nd2 dxe4 4. Nxe4 Nf6 5. Nxf6+ exf6 6. c3 Bd6 7. Bd3 O-O 8.
Qc2 Re8+ 9. Ne2 h5 10. Be3 Nd7 11. O-O-O Nf8 12. h3 h4 13. Kb1 g6 14. c4 f5 15.
Nc3 Qf6 16. d5 c5 17. Nb5 f4 18. Bd2 a6 19. Bc3 Qd8 20. Nxd6 Qxd6 21. Rhe1 Bd7
22. b3 Rxe1 23. Rxe1 Re8 24. Rxe8 Bxe8 25. Qe2 Bd7 26. Be5 Qe7 27. Bxf4 Qxe2
28. Bxe2 Bf5+ 29. Kb2 f6 30. Kc3 Kf7 31. b4 b6 32. bxc5 bxc5 33. Bd6 Nd7 34.
Bd1 Be4 35. f3 Bb1 36. a4 Ne5 37. Bxc5 Nd3 38. Bg1 Nf4 39. Kd4 Nxg2 40. c5 Nf4
41. Bh2 Nxh3 42. Be2 Ng5 43. f4 Ne4 44. Bxa6 Nf2 45. Bc8 f5 46. a5 Bd3 47. a6
Bxa6 48. Bxa6 Ng4 49. Bg1 Ke7 50. d6+ Ke6 51. Bc8+ Kf7 52. c6 1-0

[Event "Golden Horseshoe op"]
[Site "Mississauga CAN"]
[Date "2022.04.02"]
[Round "1.4"]
[White "Liu, Henry"]
[Black "Joseph Benher, Savio"]
[Result "1-0"]
[WhiteElo "1983"]
[BlackElo "2185"]
[PlyCount "135"]
[EventDate "2022.04.02"]
[EventType "swiss"]
[EventRounds "5"]
[EventCountry "CAN"]

1. d4 Nf6 2. Nf3 e6 3. Bf4 b6 4. e3 Bb7 5. Nbd2 c5 6. c3 cxd4 7. exd4 d6 8.
Bb5+ Nbd7 9. O-O a6 10. Ba4 Be7 11. Re1 O-O 12. h3 Re8 13. Bc2 Bf8 14. Ne4 Qc7
15. Nxf6+ Nxf6 16. Qd3 g6 17. Rad1 Bg7 18. Bb3 b5 19. a3 Bd5 20. Bxd5 Nxd5 21.
Bh2 Qc6 22. Nd2 Rac8 23. Ne4 Red8 24. Qf3 Nb6 25. Nf6+ Bxf6 26. Qxf6 Nd5 27.
Qg5 Kg7 28. h4 h6 29. Qg3 Nf6 30. Qd3 Qd5 31. f3 g5 32. Bg3 Nh5 33. Bf2 Nf4 34.
Qe4 Qxe4 35. Rxe4 Kg6 36. Bg3 Nh5 37. Kf2 Nf6 38. Re2 Rc6 39. Rc2 Rb8 40. Rdc1
Nd5 41. Ke2 a5 42. hxg5 hxg5 43. Kd3 b4 44. cxb4 Rxc2 45. Rxc2 Ra8 46. bxa5
Rxa5 47. Bxd6 g4 48. fxg4 Kg5 49. Rf2 Ra7 50. Bc5 Rb7 51. b4 Kxg4 52. Ra2 Kg3
53. Bd6+ Kg4 54. a4 Rd7 55. Bc5 e5 56. Rd2 f5 57. a5 e4+ 58. Kc4 Ne3+ 59. Kb3
Nf1 60. Rc2 f4 61. a6 f3 62. gxf3+ exf3 63. Ra2 Rd8 64. a7 Kf5 65. a8=Q Nd2+
66. Kc2 f2 67. Qxd8 f1=Q 68. Qf8+ 1-0

[Event "Golden Horseshoe op"]
[Site "Mississauga CAN"]
[Date "2022.04.02"]
[Round "1.5"]
[White "Bui, Alan"]
[Black "Chen, Richard"]
[Result "1-0"]
[WhiteElo "2123"]
[BlackElo "1929"]
[PlyCount "115"]
[EventDate "2022.04.02"]
[EventType "swiss"]
[EventRounds "5"]
[EventCountry "CAN"]

1. d4 d5 2. Nf3 Nf6 3. Bf4 Bf5 4. c4 e6 5. Nc3 Bd6 6. Bg5 c6 7. Qb3 Qb6 8. c5
Qxb3 9. axb3 Be7 10. b4 Ne4 11. Bxe7 Kxe7 12. Nh4 Bg6 13. Nxg6+ hxg6 14. e3 Nd7
15. b5 Nxc3 16. bxc3 Rhc8 17. Kd2 b6 18. bxc6 Rxc6 19. Bb5 Rc7 20. Bxd7 Rxd7
21. cxb6 a6 22. Ra4 Rb7 23. Rb1 Kd6 24. c4 dxc4 25. Rxc4 Rab8 26. Ra4 Ra8 27.
e4 Kc6 28. Rc4+ Kd7 29. d5 exd5 30. exd5 Kd6 31. Rc6+ Kxd5 32. Rbc1 Rab8 33.
R1c5+ Kd4 34. Rc4+ Kd5 35. Kd3 Ke5 36. R4c5+ Kf4 37. Rd6 f5 38. Rxg6 Rxb6 39.
Rc4+ Ke5 40. Rc5+ Kf4 41. g3+ Kf3 42. Rxf5+ Kg2 43. Rxb6 Rxb6 44. h4 Rb3+ 45.
Kc4 Rf3 46. Rg5 Rf7 47. f4 Rc7+ 48. Kb4 Rb7+ 49. Ka5 Rb3 50. Rxg7 Ra3+ 51. Kb4
Ra1 52. h5 Kf3 53. h6 Rb1+ 54. Ka5 Ra1+ 55. Kb6 Rd1 56. h7 Rd6+ 57. Ka5 Rh6 58.
f5 1-0

[Event "Golden Horseshoe op"]
[Site "Mississauga CAN"]
[Date "2022.04.02"]
[Round "1.6"]
[White "Oancea, Nicolae"]
[Black "Xu, Eddie"]
[Result "0-1"]
[WhiteElo "1912"]
[BlackElo "2120"]
[PlyCount "78"]
[EventDate "2022.04.02"]
[EventType "swiss"]
[EventRounds "5"]
[EventCountry "CAN"]

1. e4 e5 2. g3 d5 3. Bg2 dxe4 4. Bxe4 Nf6 5. Bg2 Bc5 6. Ne2 Nc6 7. O-O Be6 8.
c3 Qd3 9. h3 Ne4 10. Qe1 Ng5 11. Kh2 Nf3+ 12. Bxf3 Qxf3 13. d4 exd4 14. Nf4
dxc3 15. Nxe6 fxe6 16. Qxe6+ Be7 17. Nxc3 Nd4 18. Qd5 Rd8 19. Qxf3 Nxf3+ 20.
Kg2 Nd4 21. Bf4 c6 22. Rae1 Kf7 23. Re4 Bf6 24. Be3 b6 25. Rf4 g5 26. Re4 Rhe8
27. f4 Nf5 28. Kf3 Bxc3 29. bxc3 Rxe4 30. Bf2 Ree8 31. fxg5 Kg6 32. Kf4 Rf8 33.
g4 Ng7+ 34. Ke4 Rde8+ 35. Kd3 Ne6 36. h4 Nf4+ 37. Kc2 Nh3 38. h5+ Kxg5 39. Be3+
Kxg4 0-1

[Event "Golden Horseshoe op"]
[Site "Mississauga CAN"]
[Date "2022.04.02"]
[Round "1.7"]
[White "Xu, Daniel"]
[Black "Gao, Lucy"]
[Result "1-0"]
[WhiteElo "2098"]
[BlackElo "1908"]
[PlyCount "97"]
[EventDate "2022.04.02"]
[EventType "swiss"]
[EventRounds "5"]
[EventCountry "CAN"]

1. e4 c5 2. Nf3 Nc6 3. d4 cxd4 4. Nxd4 g6 5. Nc3 Bg7 6. Be3 Nf6 7. Bc4 d6 8. f3
O-O 9. Qd2 Bd7 10. O-O-O Rc8 11. Bb3 a6 12. Kb1 Ne5 13. g4 Nc4 14. Bxc4 Rxc4
15. Nce2 b5 16. Ng3 d5 17. e5 Ne8 18. b3 Rc8 19. Bf4 Qb6 20. h4 Nc7 21. Bh6 f6
22. h5 fxe5 23. hxg6 Qxg6 24. Ndf5 Bxf5 25. Nxf5 Rf7 26. Bxg7 Rxg7 27. Rh5 Ne6
28. Qxd5 Rd8 29. Qxe6+ Qxe6 30. Nh6+ Qxh6 31. Rxd8+ Kf7 32. Rxh6 e4 33. fxe4
Rxg4 34. Rxh7+ Kf6 35. Rf8+ Ke6 36. Re8 Kd6 37. Rexe7 Rg6 38. Rd7+ Ke5 39.
Rhe7+ Kf4 40. e5 Rg1+ 41. Kb2 Re1 42. Rf7+ Kg5 43. Rde7 a5 44. Re8 Kg6 45. Rf2
Kg7 46. e6 Re5 47. Rf7+ Kg6 48. Rg8+ Kh6 49. e7 1-0

[Event "Golden Horseshoe op"]
[Site "Mississauga CAN"]
[Date "2022.04.02"]
[Round "2.1"]
[White "Gaisinsky, Adam"]
[Black "Xu, Daniel"]
[Result "1/2-1/2"]
[WhiteElo "2233"]
[BlackElo "2098"]
[PlyCount "53"]
[EventDate "2022.04.02"]
[EventType "swiss"]
[EventRounds "5"]
[EventCountry "CAN"]

1. e4 c5 2. Nf3 d6 3. Bb5+ Nd7 4. Ba4 Ngf6 5. O-O a6 6. c4 e5 7. d3 g6 8. Nc3
Bg7 9. Bg5 O-O 10. Bxd7 Bxd7 11. Qd2 b5 12. Ne1 Bc6 13. b3 Qd7 14. Nc2 Ne8 15.
Ne3 h6 16. Bh4 Nc7 17. Rae1 b4 18. Ncd5 Nxd5 19. cxd5 Bb5 20. g4 a5 21. f3 a4
22. Re2 Ra6 23. h3 Rfa8 24. Nc4 axb3 25. axb3 Bxc4 26. dxc4 Qa7 27. Rb1 1/2-1/2

[Event "Golden Horseshoe op"]
[Site "Mississauga CAN"]
[Date "2022.04.02"]
[Round "2.2"]
[White "Xu, Eddie"]
[Black "Sanchez, Victor"]
[Result "0-1"]
[WhiteElo "2120"]
[BlackElo "2232"]
[PlyCount "96"]
[EventDate "2022.04.02"]
[EventType "swiss"]
[EventRounds "5"]
[EventCountry "CAN"]

1. d4 Nf6 2. c4 c5 3. d5 b5 4. cxb5 a6 5. e3 axb5 6. Bxb5 Qa5+ 7. Nc3 Bb7 8.
Bd2 Qb6 9. a4 Nxd5 10. Nf3 e6 11. Nxd5 Bxd5 12. Bc3 Be7 13. Ne5 O-O 14. O-O Qb7
15. Qg4 f5 16. Qg3 Rf6 17. f3 d6 18. Nc4 Rg6 19. Qf4 Bxc4 20. Qxc4 d5 21. Qe2
Nc6 22. e4 fxe4 23. fxe4 d4 24. Bd2 Bd6 25. Bf4 Bxf4 26. Rxf4 Ne5 27. Raf1 h6
28. h4 Qc7 29. Qh5 Kh7 30. Qe2 c4 31. Qd2 Qc5 32. Kh1 d3 33. Qf2 Qd6 34. Qd2
Rg4 35. Qe3 d2 36. Rd1 Rd8 37. g3 Rg6 38. Rf2 Nd3 39. Rg2 Qc7 40. Rdxd2 Ne5 41.
Qe2 Rf8 42. Rc2 Qd6 43. Rd2 Qc5 44. Rc2 Rf3 45. Rxc4 Qf8 46. Rc3 Rf7 47. a5
Rgf6 48. Kh2 Rf2 0-1

[Event "Golden Horseshoe op"]
[Site "Mississauga CAN"]
[Date "2022.04.02"]
[Round "2.3"]
[White "Sharma, Vishruth"]
[Black "Bui, Alan"]
[Result "1/2-1/2"]
[WhiteElo "2066"]
[BlackElo "2123"]
[PlyCount "78"]
[EventDate "2022.04.02"]
[EventType "swiss"]
[EventRounds "5"]
[EventCountry "CAN"]

1. e4 e5 2. Nf3 Nc6 3. Bb5 a6 4. Ba4 Nf6 5. O-O Be7 6. Re1 b5 7. Bb3 O-O 8. a4
Na5 9. Nxe5 Nxb3 10. cxb3 Bb7 11. Qc2 Re8 12. d4 Bd6 13. f3 Bxe5 14. dxe5 Rxe5
15. Bf4 Re6 16. Qxc7 Qxc7 17. Bxc7 Rc8 18. Ba5 d5 19. e5 Nd7 20. axb5 axb5 21.
Nc3 Bc6 22. Rad1 Nxe5 23. Nxd5 Ng6 24. Rxe6 fxe6 25. Nc7 Nf8 26. Rd6 Bd7 27.
Na6 Kf7 28. Bb4 Rc1+ 29. Kf2 Rc2+ 30. Kg3 Rxb2 31. Nc5 Be8 32. Rd8 Ng6 33. Rc8
Rc2 34. Rc7+ Kg8 35. Ra7 e5 36. Ne6 Nf4 37. Nxf4 exf4+ 38. Kh4 h6 39. Re7 Bf7
1/2-1/2

[Event "Golden Horseshoe op"]
[Site "Mississauga CAN"]
[Date "2022.04.02"]
[Round "2.4"]
[White "Huang, Youhe"]
[Black "Liu, Henry"]
[Result "1/2-1/2"]
[WhiteElo "2009"]
[BlackElo "1983"]
[PlyCount "152"]
[EventDate "2022.04.02"]
[EventType "swiss"]
[EventRounds "5"]
[EventCountry "CAN"]

1. d4 d5 2. c4 c6 3. Nc3 Nf6 4. Nf3 e6 5. e3 Be7 6. b3 O-O 7. Bd3 Nbd7 8. O-O
Re8 9. Bd2 Bf8 10. e4 dxe4 11. Nxe4 Nxe4 12. Bxe4 Nf6 13. Bc2 g6 14. Re1 Bg7
15. Qc1 b6 16. Bg5 Qc7 17. Ne5 Bb7 18. Bh6 c5 19. Bxg7 Kxg7 20. dxc5 Qxc5 21.
Qb2 Rad8 22. Rad1 Qe7 23. f3 Kg8 24. Kh1 Nh5 25. Ng4 Qg5 26. Qe5 Qxe5 27. Nxe5
Kf8 28. b4 Nf6 29. h3 Ke7 30. c5 bxc5 31. bxc5 Rxd1 32. Rxd1 Rc8 33. Nd3 Ba6
34. Rb1 Nd7 35. c6 Rxc6 36. Nb4 Rb6 37. a4 Bc4 38. a5 Rd6 39. Ba4 Nc5 40. Nc6+
Kf6 41. Rc1 Nxa4 42. Rxc4 a6 43. Rf4+ Kg5 44. Rg4+ Kh5 45. Rc4 Nb2 46. Rc5+ Rd5
47. Rc3 Nd3 48. Rb3 Ne5 49. Ne7 Rxa5 50. f4 Nc4 51. Rb4 Ne3 52. Rb8 Kh6 53. g4
g5 54. h4 gxh4 55. Rg8 Ra4 56. Nc6 Rxf4 57. Ne5 Nc4 58. Nd7 h3 59. Nf6 Rxf6 60.
g5+ Kh5 61. gxf6 Ne5 62. Rg7 a5 63. Kh2 a4 64. Rxh7+ Kg5 65. Rxh3 Kxf6 66. Ra3
Kf5 67. Rxa4 Ng6 68. Kg3 f6 69. Kf3 e5 70. Rb4 Nf4 71. Rb5 Ne6 72. Ke3 Nd4 73.
Rb6 Ne6 74. Ra6 Nc7 75. Rd6 Nb5 76. Rb6 Nc7 1/2-1/2

[Event "Golden Horseshoe op"]
[Site "Mississauga CAN"]
[Date "2022.04.02"]
[Round "2.5"]
[White "Chen, Richard"]
[Black "Chen, Max"]
[Result "0-1"]
[WhiteElo "1929"]
[BlackElo "2261"]
[PlyCount "116"]
[EventDate "2022.04.02"]
[EventType "swiss"]
[EventRounds "5"]
[EventCountry "CAN"]

1. e4 c5 2. Nf3 d6 3. d4 cxd4 4. Nxd4 Nf6 5. Nc3 a6 6. a4 e5 7. Nb3 Be6 8. Be2
Be7 9. O-O Nc6 10. Be3 O-O 11. Bf3 Nb4 12. Nd5 Nfxd5 13. exd5 Bf5 14. c3 Nc2
15. Rc1 Nxe3 16. fxe3 Bg5 17. Re1 Bd7 18. a5 f5 19. g3 Ba4 20. Ra1 Qe8 21. Ra3
Qb5 22. Bg2 Bxb3 23. Rxb3 Qc5 24. Rxb7 Bxe3+ 25. Kh1 Bh6 26. Qa4 f4 27. Qc6 f3
28. Bh3 Qf2 29. Rf1 Qc2 30. Qxd6 e4 31. Qe6+ Kh8 32. Rf7 e3 33. R1xf3 Rxf7 34.
Qxf7 Qd1+ 35. Bf1 Rg8 36. Kg2 e2 37. Bxe2 Qxe2+ 38. Rf2 Qe5 39. Qe6 Qxe6 40.
dxe6 Re8 41. Re2 g6 42. b4 Bf8 43. e7 Bxe7 44. c4 Kg7 45. Re6 Kf7 46. Rb6 Rd8
47. c5 Rd2+ 48. Kf3 Rxh2 49. Rxa6 h5 50. Ra7 Ke6 51. Ra6+ Kf5 52. Ra7 Bf6 53.
c6 Rb2 54. c7 Rc2 55. b5 Bd4 56. g4+ hxg4+ 57. Kg3 Be5+ 58. Kh4 Rh2# 0-1

[Event "Golden Horseshoe op"]
[Site "Mississauga CAN"]
[Date "2022.04.02"]
[Round "2.6"]
[White "Joseph Benher, Savio"]
[Black "Oancea, Nicolae"]
[Result "1-0"]
[WhiteElo "2185"]
[BlackElo "1912"]
[PlyCount "87"]
[EventDate "2022.04.02"]
[EventType "swiss"]
[EventRounds "5"]
[EventCountry "CAN"]

1. e4 e6 2. d4 d5 3. Nc3 dxe4 4. Nxe4 Nd7 5. Nf3 Ngf6 6. Nxf6+ Nxf6 7. Bd3 c5
8. dxc5 Bxc5 9. Bg5 Qb6 10. O-O Be7 11. Qe2 O-O 12. c3 Bd7 13. Ne5 Be8 14. Rad1
Nd5 15. Bxe7 Nxe7 16. h4 Ng6 17. h5 Nxe5 18. Qxe5 f6 19. Qe4 f5 20. Qh4 Rf6 21.
Rfe1 Qxb2 22. Bc4 Qb6 23. h6 Qc6 24. hxg7 Kxg7 25. Qg5+ Rg6 26. Qe7+ Bf7 27.
Bf1 Re8 28. Qd7 Qxd7 29. Rxd7 Rb8 30. Rb1 Rg4 31. c4 Re4 32. c5 e5 33. c6 Rd4
34. Rxd4 exd4 35. Rxb7 Rd8 36. Bc4 d3 37. Rxf7+ Kg6 38. Rd7 Rc8 39. Bb5 a6 40.
Ba4 Kf6 41. Rxd3 Ke5 42. Rd7 f4 43. c7 f3 44. gxf3 1-0

[Event "Golden Horseshoe op"]
[Site "Mississauga CAN"]
[Date "2022.04.02"]
[Round "2.7"]
[White "Gao, Lucy"]
[Black "Loadman, Ian"]
[Result "0-1"]
[WhiteElo "1908"]
[BlackElo "2044"]
[PlyCount "66"]
[EventDate "2022.04.02"]
[EventType "swiss"]
[EventRounds "5"]
[EventCountry "CAN"]

1. e4 e5 2. Nf3 Nc6 3. d4 exd4 4. Nxd4 Nf6 5. Nc3 Bb4 6. Nxc6 bxc6 7. Bd3 O-O
8. O-O d5 9. exd5 Bg4 10. f3 Bh5 11. Bg5 Qd6 12. dxc6 Bxc3 13. Qc1 Bd4+ 14. Kh1
Qxc6 15. c3 Bb6 16. Qf4 Bg6 17. Rad1 Rfe8 18. Qb4 Bxd3 19. Rxd3 Rad8 20. Rxd8
Rxd8 21. c4 Qc5 22. Qxc5 Bxc5 23. Bxf6 gxf6 24. a3 a5 25. h3 a4 26. Re1 Kf8 27.
Re2 Bd4 28. Kh2 c5 29. Kg3 Rb8 30. Rd2 Rxb2 31. Rd3 Rb3 32. Rd1 Rxa3 33. Rb1
Rb3 0-1